Contemporary engineering economics (Record no. 2014)

000 -LEADER
fixed length control field 00571nam a22002054a 4500
001 - CONTROL NUMBER
control field 2014
003 - CONTROL NUMBER IDENTIFIER
control field BD-DhUET
008 - FIXED-LENGTH DATA ELEMENTS--GENERAL INFORMATION
fixed length control field 160220b xxu||||| |||| 00| 0 eng d
020 ## - INTERNATIONAL STANDARD BOOK NUMBER
International Standard Book Number 0130893102
040 ## - CATALOGING SOURCE
Original cataloging agency DLC
Transcribing agency DLC
Modifying agency BD-DhUET
Language of cataloging 0
082 00 - DEWEY DECIMAL CLASSIFICATION NUMBER
Classification number 658.15
Item number PAR/2002
100 1# - MAIN ENTRY--PERSONAL NAME
Personal name Park, Chan S.
245 10 - TITLE STATEMENT
Title Contemporary engineering economics
Statement of responsibility, etc. by Chan S. Park
250 ## - EDITION STATEMENT
Edition statement 3rd ed.
260 ## - PUBLICATION, DISTRIBUTION, ETC. (IMPRINT)
Place of publication, distribution, etc. New Jersey
Name of publisher, distributor, etc. Prentice Hall
Date of publication, distribution, etc. 2002
300 ## - PHYSICAL DESCRIPTION
Extent xxxi, 920 p.
Other physical details ill. (some col.), map
Dimensions 24 cm.
504 ## - BIBLIOGRAPHY, ETC. NOTE
Bibliography, etc Includes bibliographies
650 #0 - SUBJECT ADDED ENTRY--TOPICAL TERM
Topical term or geographic name as entry element Engineering economy
942 ## - ADDED ENTRY ELEMENTS (KOHA)
Koha item type General Book
Holdings
Price effective from Koha date last seen Koha full call number Lost status Withdrawn status Koha issues (times borrowed) Source of classification or shelving scheme Shelving location Not for loan Piece designation (barcode) Koha normalized classification for sorting Copy number Koha item type Location (home branch) Koha date last borrowed Damaged status Date acquired Sublocation or collection (holding branch)
2014-09-162014-09-16658.15/PAR/2002    Circulation section 102575658_000000000000000_15PAR20021General BookCentral Library, BUET  2014-09-16Central Library, BUET
2014-09-162014-09-16658.15/PAR/2002    Circulation section 102580658_000000000000000_15PAR20022General BookCentral Library, BUET  2014-09-16Central Library, BUET
2014-09-162019-04-13658.15/PAR/2002  1 Circulation section 102574658_000000000000000_15PAR20023General BookCentral Library, BUET2018-11-12 2014-09-16Central Library, BUET
2014-09-162014-09-16658.15/PAR/2002    Circulation section 102579658_000000000000000_15PAR20024General BookCentral Library, BUET  2014-09-16Central Library, BUET
2014-09-162014-09-16658.15/PAR/2002    Circulation section 102581658_000000000000000_15PAR20025General BookCentral Library, BUET  2014-09-16Central Library, BUET
2014-09-162014-09-16658.15/PAR/2002    Circulation section 102576658_000000000000000_15PAR20026General BookCentral Library, BUET  2014-09-16Central Library, BUET
2014-09-162014-09-16658.15/PAR/2002    Circulation section 102578658_000000000000000_15PAR20027General BookCentral Library, BUET  2014-09-16Central Library, BUET
2014-09-162014-09-16658.15/PAR/2002    Circulation section 102577658_000000000000000_15PAR20028General BookCentral Library, BUET  2014-09-16Central Library, BUET
2014-09-162014-09-16658.15/PAR/2002    Circulation section 102573658_000000000000000_15PAR20029General BookCentral Library, BUET  2014-09-16Central Library, BUET
2017-04-152017-04-15658.15/PAR/2002    Circulation section 102582658_150000000000000_PAR_200210General BookCentral Library, BUET  2006-06-26Central Library, BUET